Modelo agroexportador /

El modelo agroexportador como antecedente a la historia de la matriz industrial nacional. Los frigoríficos y la carne congelada. Terrasón como pionero de la industria de la carne en la Argentina.

Guardado en:
Autor Principal: Mazzolo, Pablo
Autor Corporativo: Canal Encuentro.
Formato: Deslizar
Publicado: Argentina, 2013
Series:Industria Nacional
Materias:
Etiquetas: Agregar Etiqueta
Sin Etiquetas, Sea el primero en etiquetar este registro!
LEADER 01072ngm a22003135g 4500
001 CEM.cems023628
008 130507s2013##################0###0#####d
005 20250618134344.0
245 1 0 |a Modelo agroexportador /  |c Pablo Mazzolo. 
260 |a Argentina,  |c 2013 
300 |a 27'. 
490 0 |a Industria Nacional 
520 |a El modelo agroexportador como antecedente a la historia de la matriz industrial nacional. Los frigoríficos y la carne congelada. Terrasón como pionero de la industria de la carne en la Argentina. 
500 |a Consultar en ventanilla. 
538 |a Soporte: DVD - Color: Si - Grabación DRD 
100 1 |a Mazzolo, Pablo 
710 2 |a Canal Encuentro. 
082 9 8 |/ MAZ 
653 |a ECONOMIA 
653 |a ECONOMIA ARGENTINA 
653 |a INDUSTRIA 
653 |a HISTORIA 
653 |a HISTORIA ARGENTINA 
653 |a AGRICULTURA 
653 |a GANADERIA 
653 |a MODELO AGROEXPORTADOR 
653 |a FRIGORIFICOS 
653 |a SERIE DE TELEVISIÓN 
859 |a CEMS  |b BIB. CEMS - Depto. Recursos Didacticos  |h 982  |i MAZ  |k DRD  |p 2271.15  |t Ej.1